| 000 -ლიდერი |
| ფიქსირებული სიგრძის საკონტროლო ველი |
01936nam a22002777a 4500 |
| 003 - საკონტროლო ნომრის იდენტიფიკატორი |
| საკონტროლო ველი |
Ge_BSU |
| 005 - ბოლო ოპერაციის თარიღი და დრო |
| საკონტროლო ველი |
20200803122835.0 |
| 008 - ფიქსირებული სიგრძის მონაცემთა ელემენტები - ზოგადი ინფორმაცია |
| ფიქსირებული სიგრძის საკონტროლო ველი |
200731s2012 xxu||||| |||| 00| 0 geo d |
| 020 ## - წიგნის საერთაშორისო სტანდარტული ნომერი |
| International Standard Book Number |
9789941105029 |
| 041 ## - ენის კოდი |
| Language code of text/sound track or separate title |
geo |
| 080 ## - უნივერსალური ათობითი კლასიფიკაციის ინდექსი |
| Universal Decimal Classification number |
343 წ-39 |
| 100 ## - მთავარი ჩანაწერი - პიროვნების სახელი |
| Personal name |
წერეთელი, თინათინ |
| 9 (RLIN) |
816 |
| 245 ## - ცნობა სათაურის შესახებ |
| Title |
სისხლის სამართლის პრობლემები : |
| Remainder of title |
ტ. 3 : მიზეზობრივი კავშირი სისხლის სამართალში / |
| Statement of responsibility, etc |
თინათინ წერეთელი ; [სარედ. კოლ.: გიორგი ხუბუა (მთ. რედ.) [და სხვ.] ; წინათქმა ოთარ გამყრელიძე] ; თ. წერეთლის სახელმწიფოსა და სამართლის ინ-ტი. |
| 264 ## - წარმოების, გამოცემის, დისტრიბუციის და სხვა ცნობები |
| გამოცემის, წარმოების, დისტრიბუციის... ადგილი |
თბილისი : |
| გამოცემის, წარმოების, დისტრიბუციის... სახელწოდება |
მერიდიანი, |
| გამოცემის, წარმოების, დისტრიბუციის... თარიღი |
2012. |
| 300 ## - ფიზიკური აღწერა |
| Extent |
704 გვ. |
| Dimensions |
21 სმ. |
| 504 ## - BIBLIOGRAPHY, ETC. NOTE |
| Bibliography, etc |
ბიბლიოგრაფია ტექსტის შენიშვნებში. |
| 653 ## - INDEX TERM--UNCONTROLLED |
| Uncontrolled term |
სისხლის სამართალი. |
| 653 ## - INDEX TERM--UNCONTROLLED |
| Uncontrolled term |
მიზეზობრივი კავშირი სისხლის სამართალში. |
| 700 ## - ADDED ENTRY--PERSONAL NAME |
| Personal name |
ხუბუა, გიორგი |
| Relator term |
რედაქტორი |
| 9 (RLIN) |
9095 |
| 700 ## - ADDED ENTRY--PERSONAL NAME |
| Personal name |
გამყრელიძე, ოთარ |
| Relator term |
რედაქტორი |
| 9 (RLIN) |
2834 |
| 700 ## - ADDED ENTRY--PERSONAL NAME |
| Personal name |
ბრეგვაძე, ლაშა |
| Relator term |
რედაქტორი |
| 9 (RLIN) |
4955 |
| 700 ## - ADDED ENTRY--PERSONAL NAME |
| Personal name |
ღლონტი, გიორგი |
| Relator term |
რედაქტორი |
| 9 (RLIN) |
2882 |
| 700 ## - ADDED ENTRY--PERSONAL NAME |
| Personal name |
თოდრია, გიორგი და სხვ. |
| Relator term |
რედაქტორი |
| 9 (RLIN) |
2886 |
| 710 ## - ADDED ENTRY--CORPORATE NAME |
| Corporate name or jurisdiction name as entry element |
თ. წერეთლის სახელმწიფოსა და სამართლის ინსტიტუტი |
| 9 (RLIN) |
9096 |
| 942 ## - ADDED ENTRY ELEMENTS (KOHA) |
| Source of classification or shelving scheme |
|
| Koha item type |
წიგნი |